Top 20 Strongest Military In The World - Statistics

General Stats
  • This quiz has been taken 133 times
  • The average score is 17 of 20
Answer Stats
Index Answer % Correct
0.0702 Russia
99%
0.1443 UK
99%
0.0706 China
98%
0.0699 USA
98%
0.1878 France
95%
0.1023 India
95%
0.2847 Germany
93%
0.1863 Italy
93%
0.1601 Japan
92%
0.1944 Brazil
90%
0.1416 South Korea
88%
0.2882 Spain
86%
0.2269 Iran
85%
0.1711 Pakistan
82%
0.2283 Egypt
80%
0.1697 Turkey
79%
0.2596 Israel
77%
0.2515 Australia
76%
0.2598 Ukraine
74%
0.2251 Indonesia
70%
No matching quizzes found
Score Distribution
Percent of People with Each Score
Percentile by Number Answered
Your Score History
You have not taken this quiz